000 00458 a2200145 4500
040 _aDLC
_bDLC
082 _a 347.7326
100 _a Warren, Charles
245 _aSupreme Court in United States History 1836-1918
_cCharles Warren
260 _aNew Delhi:
_bCosmo Publications,
_c2007.
300 _aviii, 812 p. :
_bill.,
_c24 cm.
500 _aIncludes Index
650 _aUnited States. Supreme court.2.Law --United States.
942 _cBK
_k 347.7326 WAR
_2ddc
999 _c7186
_d7186